000 00659nam a2200193 i 4500
001 162331
003 ES-MaACL
005 20250805062613.0
008 010706s1897 fr |||| | fre d
040 _aCCPB | B
_bspa
_cCCPB | B
100 1 _aPobedonostzeff, C.P.
_9131226
245 1 0 _aQuestions religieuses, sociales et politiques /
_cC.P. Pobédonostzeff ; traduit du russe.
260 _aParis :
_bBaudry et C\pie\s,
_c1897 (
_eÉvreux) :
_fimprimerie de Charles Hérissey)
300 _aII, 283 p. ;
_c23 cm.
650 7 _aSociología
_2embne
_917195
852 _aES-MaACL
_jF-8341
_z-- Enc. hol.
999 _c162331
_d162331